Por uma geografía nova: da crítica a uma geografía crítica /

Detalles Bibliográficos
Autor principal: Santos, Milton
Formato: Libro
Publicado: Sao Paulo : s.n., 1986.
Edición:3a ed.
Materias:
Etiquetas: Agregar Etiqueta
Sin Etiquetas, Sea el primero en etiquetar este registro!

MARC

LEADER 00000nam a22000004a 4500
001 AR-BbUGT1013
003 AR-BbUGT
005 20181220001511.0
007 ta
008 061101t1986 ||| |0|||0| d
040 |a AR-BbUGT  |b spa  |c AR-BbUGT 
082 0 4 |a 910 
100 1 |a Santos, Milton. 
245 1 0 |a Por uma geografía nova:   |b da crítica a uma geografía crítica /   |c Milton Santos. 
250 |a 3a ed. 
260 |a Sao Paulo :   |b s.n.,   |c 1986. 
300 |a 236 p. 
504 |a Bibliografía: p. 221-236. 
653 |a Geografía 
942 |c BK  |h 910  |i SA59-1  |2 ddc  |6 910_000000000000000_SA591 
999 |c 8864  |d 8864